| 000 | 00371nam a2200109 a 4500 | ||
|---|---|---|---|
| 005 | 20140414131933.0 | ||
| 008 | 110108s19uu xx 00 eng d | ||
| 050 |
_aREF 220.071 _bSt9 200? |
||
| 245 |
_aStudy guide for peace and unity : _ba study guide of vital scripture topics in question and answer form. |
||
| 260 | _bReview and Herald Pub. Association. | ||
| 999 |
_c112294 _d112294 |
||